00701nam a22001937a 4500999001900000005001700019010001500036020002600051035001400077037001300091082001200104100002200116245006900138260003800207270008100245300002000326942002600346952013500372 c168895d16889520191030174603.0 aENG-126752 a9789352669778c300.00 aEN-110284 bDBAD/PUB a305.420 aShastri, Vivasvan aEmpowering Indian women /cby Vivasvan Shastri [and] Yesha Bhatt aNew DelhibPrabhat Prakshanc2018 a4/19, Asaf Ali RoadbNew Delhie110002mprabhatbooks@gmail.comk011-23289777 a143p.c22cm(Hb) 2ddccENh305.420mSHA 001040708NFICaLbLd2019-10-30eDBAD/PUBg300.00l2m3o305.420 SHApEN-110284r2023-07-17 00:00:00s2023-06-05t1v300.00yEN